Engineering mathematics II: (Record no. 148109)

MARC details
000 -LEADER
fixed length control field 00537nam a22001817a 4500
005 - DATE AND TIME OF LATEST TRANSACTION
control field 20171220153217.0
010 ## - LCCN (DPL NO)
LC control number ENG-121930
020 ## - INTERNATIONAL STANDARD BOOK NUMBER
Terms of availability 420.00
International Standard Book Number 9788190775724
035 ## - SYSTEM CONTROL NUMBER
System control number EN-105462
037 ## - SOURCE OF ACQUISITION
Source of stock number/acquisition DBAD/PUB
082 ## - DEWEY DECIMAL CLASSIFICATION NUMBER
Classification number 510.2462
100 ## - MAIN ENTRY--PERSONAL NAME
Personal name Beulah, V.
245 ## - TITLE STATEMENT
Title Engineering mathematics II:
Statement of responsibility, etc by V. Beulah
260 ## - PUBLICATION, DISTRIBUTION, ETC. (IMPRINT)
Place of publication, distribution, etc Tiruchengode
Name of publisher, distributor, etc Pranav Publication
Date of publication, distribution, etc 2011
270 ## - ADDRESS
Address NO. 5,5th Street,Thailambigai Nagar,Tiruchengode
Postal code 637211
300 ## - PHYSICAL DESCRIPTION
Extent vari.page
Dimensions 24cm(pbk)
942 ## - ADDED ENTRY ELEMENTS (KOHA)
Source of classification or shelving scheme Dewey Decimal Classification
Item type English Books
Classification part 510.2462
Call number suffix BEU
Holdings
Withdrawn status Lost status Not for loan Collection code Home library Current library Date acquired Source of acquisition Cost, normal purchase price Full call number Barcode Copy number Cost, replacement price Koha item type
      Non-fiction Narela Narela 20/12/2017 DBAD/PUB 420.00 510.2462 BEU EN-105462 1 420.00 English Books

© Delhi Public Library
Hit Counter
free hit counter